000 00891nam a2200289 i 4500
003 EG-GICUC
005 20260427091507.0
008 260427s1974 ua |||fr|||| 000 0 eng d
040 _aEG-GiCUC
_beng
_cEG-GiCUC
_dEG-GiCUC
_erda
041 0 _aeng
082 0 4 _221
_a343
_bWE . U
092 0 4 _221
099 _aLaw1 10 343 WE . U 1974
110 _kWest Publishing Co.
_eAuthor.
245 1 0 _aUnited States Code Αnnotated:
_bTitle 16 Conservation §§ 832 To End,
_cWest Publishing Co.
264 1 _aU.S.A:
_bWest Publishing Co,
_c1974.
300 _a842 pages ;
_b,
_c24 cm
336 _2rda content
_atext
337 _2rda media
_aComputer
338 _2rda carrier
_aOnline Resource
546 _aText in English
650 1 _aCriminal law
_2qrmak
651 1 _2qrmak
856 4 0 _uhttps://fll.law.cu.edu.eg/fulltext/bks/B10-11785.pdf
905 _a158
942 _2ddc
_n0
_cBK
_e21
999 _c73541
_d73541